00195nam a2200061Ia 4500008004100000245006700041260002500108120527s9999 xx 000 0 und d aBackground paper on employment and poverty alleviation in Nig. bFed.Min.of Lab&Prod.